Система контроля пожарной и токсической безопасности полимерных материалов на горных предприятиях; Безопасность труда в промышленности; № 3

書目詳細資料
Parent link:Безопасность труда в промышленности: научно-производственный журнал.— , 1932-
№ 3.— 2015.— [С. 45-50]
主要作者: Уварова В. А. Варвара Александровна
企業作者: Национальный исследовательский Томский политехнический университет (ТПУ) Юргинский технологический институт (филиал) (ЮТИ) Кафедра экономики и автоматизироанных систем управления (ЭАСУ)
其他作者: Баскаков В. П. Владимир Петрович, Прокопенко С. А. Сергей Артурович
總結:Заглавие с экрана
Изложена концепция системы контроля пожарной и токсической безопасности полимерных материалов при применении на горных предприятиях. Приведены структура, алгоритм проведения испытаний полимерной продукции. Рассмотрены предложения по разработке новых и изменению действующих нормативных документов.
The Article describes the concept of fire and toxic safety control of the polymer materials when using at the mining enterprises. The structure, algorithm of carrying out tests of polymer products are given. The proposals are reviewed related to the development of new and change of the current normative documents.
Режим доступа: по договору с организацией-держателем ресурса
語言:俄语
出版: 2015
主題:
在線閱讀:http://elibrary.ru/item.asp?id=23098432
格式: 電子 Book Chapter
KOHA link:https://koha.lib.tpu.ru/cgi-bin/koha/opac-detail.pl?biblionumber=640601

MARC

LEADER 00000naa0a2200000 4500
001 640601
005 20250306095053.0
035 |a (RuTPU)RU\TPU\network\5161 
090 |a 640601 
100 |a 20150421d2015 k||y0rusy50 ca 
101 0 |a rus 
102 |a RU 
135 |a drnn ---uucaa 
181 0 |a i  
182 0 |a b 
200 1 |a Система контроля пожарной и токсической безопасности полимерных материалов на горных предприятиях  |f В. А. Уварова, В. П. Баскаков, С. А. Прокопенко 
203 |a Текст  |c электронный 
300 |a Заглавие с экрана 
320 |a [Библиогр.: с. 50 (6 назв.)] 
330 |a Изложена концепция системы контроля пожарной и токсической безопасности полимерных материалов при применении на горных предприятиях. Приведены структура, алгоритм проведения испытаний полимерной продукции. Рассмотрены предложения по разработке новых и изменению действующих нормативных документов. 
330 |a The Article describes the concept of fire and toxic safety control of the polymer materials when using at the mining enterprises. The structure, algorithm of carrying out tests of polymer products are given. The proposals are reviewed related to the development of new and change of the current normative documents. 
333 |a Режим доступа: по договору с организацией-держателем ресурса 
461 |t Безопасность труда в промышленности  |o научно-производственный журнал  |d 1932- 
463 |t № 3  |v [С. 45-50]  |d 2015 
610 1 |a электронный ресурс 
610 1 |a труды учёных ТПУ 
610 1 |a полимерные материалы 
610 1 |a испытания 
610 1 |a контроль 
610 1 |a пожарная безопасность 
610 1 |a токсические опасности 
610 1 |a добровольная сертификация 
700 1 |a Уварова  |b В. А.  |g Варвара Александровна 
701 1 |a Баскаков  |b В. П.  |g Владимир Петрович 
701 1 |a Прокопенко  |b С. А.  |c горный инженер, экономист  |c профессор Томского политехнического университета, доктор технических наук  |f 1959-  |g Сергей Артурович  |3 (RuTPU)RU\TPU\pers\31770  |9 15881 
712 0 2 |a Национальный исследовательский Томский политехнический университет (ТПУ)  |b Юргинский технологический институт (филиал) (ЮТИ)  |b Кафедра экономики и автоматизироанных систем управления (ЭАСУ)  |3 (RuTPU)RU\TPU\col\18900 
801 2 |a RU  |b 63413507  |c 20150421  |g RCR 
856 4 |u http://elibrary.ru/item.asp?id=23098432 
942 |c CF